Khả năng hấp thu lân của nấm rễ nội cộng sinh với rễ bắp (Zea mays, L.) trong điều kiện nhà lưới : Luận văn tốt nghiệp Cao học. Chuyên ngành Công nghệ Sinh học

Nghiên cứu định danh một số chi nấm rễ dựa trên đặc điểm hình thái nhằm xác định sự phân bố của các chi nấm trong đất trồng bắp tại một số tỉnh Đồng bằng sông Cửu Long, tác động của các dòng nấm rễ trong các tập đoàn nấm có triể...

詳細記述

保存先:
書誌詳細
第一著者: Võ, Thị Tú Trinh
フォーマット: 図書
言語:Undetermined
出版事項: Cần Thơ Trường Đại học Cần Thơ 2018
主題:
タグ: タグ追加
タグなし, このレコードへの初めてのタグを付けませんか!
Thư viện lưu trữ: Trung tâm Học liệu Trường Đại học Cần Thơ
LEADER 01306nam a2200205Ia 4500
001 CTU_225570
008 210402s9999 xx 000 0 und d
082 |a 635.8 
082 |b Tr312 
100 |a Võ, Thị Tú Trinh 
245 0 |a Khả năng hấp thu lân của nấm rễ nội cộng sinh với rễ bắp (Zea mays, L.) trong điều kiện nhà lưới : 
245 0 |b Luận văn tốt nghiệp Cao học. Chuyên ngành Công nghệ Sinh học 
245 0 |c Võ Thị Tú Trinh ; Dương Minh, Trần Vũ Phến (Cán bộ hướng dẫn) 
260 |a Cần Thơ 
260 |b Trường Đại học Cần Thơ 
260 |c 2018 
520 |a Nghiên cứu định danh một số chi nấm rễ dựa trên đặc điểm hình thái nhằm xác định sự phân bố của các chi nấm trong đất trồng bắp tại một số tỉnh Đồng bằng sông Cửu Long, tác động của các dòng nấm rễ trong các tập đoàn nấm có triển vọng giúp cây bắp hấp thu lân hiệu quả nhất. 
650 |a Mycorrhizal fungi,Nấm rễ 
910 |b nthai 
980 |a Trung tâm Học liệu Trường Đại học Cần Thơ